| 000 | 01846nam0a22003491 4500 | ||
|---|---|---|---|
| 001 | v19\rc\1725435 | ||
| 005 | 20251113190418.5 | ||
| 035 | _a(NLR Aleph) 004821993 | ||
| 090 |
_a5026504 _c5026504 |
||
| 100 | _a20061002e19011903|||y0rusy50 ca | ||
| 101 | 0 | _arus | |
| 102 | _aRU | ||
| 105 | _ay z ||||| | ||
| 200 | 1 |
_aПирогенетические контактные реакции с органическими веществами _f[Соч.] Вл.Н. Ипатьева _gИз Хим. лаб. Михайл. арт. акад. Ст. 1-7 |
|
| 210 |
_aСанкт-Петербург _cтип. В. Демакова _d1901-1903 |
||
| 215 |
_a7 отт. _d24 |
||
| 300 | _aСт. 2-7 без тит. л. и обл. | ||
| 300 | _aАвт. 6 ст.: Вл. Ипатьев и В. Гун; 7: Вл. Ипатьев и В. Леонтович | ||
| 300 | _aВо 2 и 3 ст. общ. загл.: Пирогенетические контактные реакции с органическими соединениями | ||
| 311 | _aОтт. из "Журн. Рус. физ.-хим. о-ва". 1901, т. 33, вып. 8; 1902, т. 34, вып. 2-3; 1903, т. 35, вып. 6 | ||
| 488 | 0 | _12001#$aЖурнал Русского физико-химического общества$v1901, т. 33, вып. 8; 1902, т. 34, вып. 2-3; 1903, т. 35, вып. 6 | |
| 517 | 0 | _aПирогенетические контактные реакции с органическими соединениями | |
| 700 | 1 |
_aИпатьев _bВ. Н. _f1867-1952 _gВладимир Николаевич |
|
| 801 | 0 |
_aRU _bNLR _gpsbo |
|
| 801 | 0 |
_aRU _bRuMoRGB _2psbo |
|
| 801 | 1 |
_aRU _bProSoft-M _2rusmarc |
|
| 852 |
_aNLR _j18.139.4.239(2-7(ст. 1-6)) |
||
| 852 |
_aNLR _j18.159.3.440(ст. 6) |
||
| 899 |
_aRuMoRGB _jR 454/253 _z(3) |
||
| 899 | _aБАН | ||
| 942 | _cBOOK | ||
| 980 | _aNB | ||